Access road (Record no. 76771)

MARC details
000 -LEADER
fixed length control field 01123cab a2200193 4500
001 - CONTROL NUMBER
control field ##L133050
008 - FIXED-LENGTH DATA ELEMENTS--GENERAL INFORMATION
fixed length control field 060405n2006 000 0 eng u
035 ## - SYSTEM CONTROL NUMBER
System control number (Sirsi) u133050
041 0# - LANGUAGE CODE
Language code of text/sound track or separate title eng
100 1# - MAIN ENTRY--PERSONAL NAME
Personal name Mather, Andy
245 00 - TITLE STATEMENT
Title Access road
260 ## - PUBLICATION, DISTRIBUTION, ETC.
Date of publication, distribution, etc. 2006
490 #0 - SERIES STATEMENT
Series statement RIBA Journal
Volume/sequential designation 113(4) 4 April 2006, 80(1)
520 ## - SUMMARY, ETC.
Summary, etc. Explains how the Freedom of Information Act 2000 can be used in connection with construction disputes, by obtaining early disclosure of information from the opposing side, or relevant documentation from a public authority which is not involved in the dispute. This may be particularly useful in adjudication proceedings, where there is generally no obligation on a party to disclose relevant documents. Warns that there are a number of exemptions which can be claimed, and that there is no quick way to challenge a refusal to supply documentation.
590 ## - LOCAL NOTE (RLIN)
Local note IKA110406
650 24 - SUBJECT ADDED ENTRY--TOPICAL TERM
Topical term or geographic name entry element FREEDOM OF INFORMATION ACT 2000
690 ## - LOCAL SUBJECT ADDED ENTRY--TOPICAL TERM (OCLC, RLIN)
Topical term or geographic name as entry element MANAGEMENT-DISPUTE AVOIDANCE, MANAGEMENT AND RESOLUTION-DISPUTE MANAGEMENT AND RESOLUTION-ALTERNATIVE DISPUTE RESOLUTION-ADJUDICATION
942 ## - ADDED ENTRY ELEMENTS (KOHA)
Suppress in OPAC 0
Holdings
Withdrawn status Lost status Source of classification or shelving scheme Damaged status Not for loan Home library Current library Shelving location Date acquired Total Checkouts Full call number Barcode Date last seen Copy number Price effective from Koha item type
    Dewey Decimal Classification     London London Journal article 05/04/2006   L133050 133050-1001 06/08/2019 1 06/08/2019 Archive